000 02109nam a2200409 c 4500
003 BLK
005 20191014172322.0
008 180408b bul|||||r ||||||| ||bul||
010 _aKNG00089777000
020 _a978-954-515-039-5
_bиздат.: Милениум
040 _aBLK
041 _aBUL
_cBUL
080 _aОргани на обществения ред. Полиция. Обществена власт. Доброволни отреди. Държавна сигурност. Милиция. Дейност на полицията по вътрешно разузнаване
_b351.74
_x(497.2)(091)
_z351.74(497.2)(091)
080 _aРазузнавателна служба. Тайна служба. Шпионаж. Разузнавателна информация. Вж и 327.84 ; 344.1
_b355.40
_x
_z355.40
080 _aШпионаж. Политическо влияние чрез тайни (разузнавателни) служби
_b327.84
_x
_z327.84
100 1 _aИванов, Димитър Христов
_eпърви автор
_9270769
139 _aИванов, Димитър Христов
_bИ 21
245 1 0 _aКой кой е в Държавна сигурност
_b100 години тайни служби в България
_cДимитър Христов Иванов.
257 _aBGR
260 София
_bМилениум
_c2009
_fСофия : Мултипринт
300 _a368 с.
_bсъс сн.
_c20 см
380 _a3
500 _aОфс. изд. - Съдържа и за авт. - Библиогр. с. 339-350.
650 4 _aДържавна сигурност - България
_9254494
650 4 _aТайни служби
_9266564
650 4 _aРазузнаване - България
_9250881
651 4 _aБългария
_9241624
653 _aдържавна сигурност
653 _aразузнаване
653 _aспецслужби
653 _aистория
852 _aЦб 244206
856 4 _qpdf
_u
856 4 _qpdf
_u
942 _cKNG
_n0
_01
944 _aCR
_c08.06.2009
_lф /
_kВиолета_Тройчева
944 _aED
_c07.12.2012
_lф /
_k
999 _c85181
_d85181